00630nam a2200169Ia 450000500170000000800410001702000180005805000210007610000270009724500970012425000180022126000330023930000180027250000580029050400710034865000410041920231102150906.0120626s9999 xx 000 0 und d a9789682477836 aBF95bB6718 2006 aBoring, Edwin Garngues aHistoria de la psicología experimentalc / Edwin G. Boring ; traducción, Rubén Ardila. a3a. edición aMéxicob : Trillasc, 2006 a822 páginas aTraducción de: A history of experimental psychology aIncluye referencias bibliográficas e índice 783-785 e índice 0aPSICOLOGÍA EXPERIMENTAL xHISTORIA